| 000 | 01282nam a2200337 a 4500 | ||
|---|---|---|---|
| 001 | 000115828 | ||
| 003 | CHAP | ||
| 005 | 20220329144550.0 | ||
| 008 | 190710s2018 mx a sm |||||||spa d | ||
| 010 | _a112289 | ||
| 011 | _a113261 | ||
| 040 | _cCHAP | ||
| 090 | _aTesis | ||
| 100 | 1 |
_aHernández Cerón, Misael. _9136500 |
|
| 245 | 1 | 0 |
_aEstudio faneróptico, morfométrico y zoométrico del ovino obispo de la montaña de Guerrero / _h[En línea] _cpor Misael Hernández Cerón. |
| 260 |
_aChapingo, Méx. : _bEl autor, _c2018. |
||
| 500 | _aPara ver el contenido del material haga clic en la liga | ||
| 502 | _aTesis (Ing. Agr. Zootecnista) -- Colegio Superior Agropecuario del Estado de Guerrero. Centro de Estudios Profesionales | ||
| 590 |
_aBATCH-UPD _b05 _c20190715 _lUCH01 _h1236 |
||
| 590 |
_aE8697GMM _b05 _c20190710 _lUCH01 _h1436 |
||
| 590 |
_aE8697GMM _b05 _c20190710 _lUCH01 _h1437 |
||
| 590 |
_aE8697GMM _b05 _c20190715 _lUCH01 _h1235 |
||
| 650 | 1 | 4 |
_aGanado lanar _xAnatomía y fisiología. _945155 |
| 650 | 1 | 4 |
_aGanado lanar _xCruzas. _945168 |
| 650 | 1 | 4 |
_aGanado lanar _xGenética. _945182 |
| 650 | 1 | 4 |
_aGanado lanar _xRazas. _945218 |
| 856 |
_aFinding aid _uhttp://10.13.5.2/tesis/sist115828.pdf _zTeclea aquí |
||
| 901 | _aBK | ||
| 942 | _cTESIS | ||
| 942 | _n0 | ||
| 999 |
_c112289 _d112289 |
||